Top 11 piłkarzy Premier League w FC 2025 - Statystyki

Ogólne statystyki
  • Ten quiz został rozwiązany 269 razy
  • Średni wynik to 10 z 11
Statystyki odpowiedzi
Piłkarz Narodowość Klub Pozycja Ocena ogólna % Poprawnych
Rodri Hiszpania Manchester City Pomocnik 91
100%
Alisson Brazylia Liverpool Bramkarz 89
98%
Mohamed Salah Egipt Liverpool Napastnik 89
98%
Erling Haaland Norwegia Manchester City Napastnik 91
95%
Kevin De Bruyne Belgia Manchester City Pomocnik 90
93%
Virgil van Dijk Holandia Liverpool Obrońca 89
93%
Martin Ødegaard Norwegia Arsenal Pomocnik 89
92%
Ederson Brazylia Manchester City Bramkarz 88
91%
Phil Foden Anglia Manchester City Napastnik 88
91%
Bernardo Silva Portugalia Manchester City Pomocnik 88
88%
Rúben Dias Portugalia Manchester City Obrońca 88
88%
Nie znaleziono quizów pasujących do podanych kryteriów
Rozkład punktacji
Procent ludzi z każdym wynikiem
Percentyl według liczby udzielonych odpowiedzi
Twoja historia wyników
Nie rozwiązałeś tego quizu